书目信息 |
| 题名: |
避暑山庄和外八庙
|
|
| 作者: | ;承德避暑山庄管理处 编辑 | |
| 分册: | ||
| 出版信息: | 北京 文物出版社 1976 |
|
| 页数: | 24页 | |
| 开本: | 19cm | |
| 丛书名: | ||
| 单 册: | ||
| 中图分类: | K928.722 | |
| 科图分类: | ||
| 主题词: | 名胜古迹--中国 | |
| 电子资源: | ||
| ISBN: | ||
| 000 | 00667nam0 2200229 45 | |
| 001 | 0176001687 | |
| 005 | 20060804091324.53 | |
| 010 | @dCNY0.18 | |
| 100 | @a19951025d1976 em y0chiy0121 ea | |
| 101 | 0 | @achi |
| 102 | @aCN@b110000 | |
| 105 | @af z 000yy | |
| 200 | 10 | @a避暑山庄和外八庙@Abi shu shan zhuang he wai ba miao@f承德避暑山庄管理处编辑 |
| 210 | @a北京@c文物出版社@d1976 | |
| 215 | @a24页@c照片@d19cm | |
| 606 | @a名胜古迹@y中国 | |
| 610 | 0 | @a避暑山庄@a外八庙 |
| 690 | @aK928.722@v3 | |
| 711 | 02 | @a承德避暑山庄管理处@Acheng de bi shu shan zhuang guan li chu@4编辑 |
| 801 | 2 | @aCN@bNLC@c20060804 |
| 801 | 0 | @aCN@bTSSF |
| 905 | @a10447@dK928.722@e321 | |
| 避暑山庄和外八庙/承德避暑山庄管理处编辑.-北京:文物出版社,1976 |
| 24页:照片;19cm |
| ISBN :CNY0.18 |
| ● |
| 相关链接 |
|
|
|
|
正题名:避暑山庄和外八庙
索取号:K928.722/321
 
预约/预借
| 序号 | 登录号 | 条形码 | 馆藏地/架位号 | 状态 | 备注 |
| 1 | 0444542 | 204445421 | 密集书库/ [索取号:K928.722/321] | 在馆 |